00396nam a2200145Ia 4500003000400000005001700004008004100021040001800062041000800080100004400088110002000132245005000152260002000202710002800222OSt20260316124154.0211028s2015 xx 000 0 und d cAIMIT LIBRARY aeng aJamali K, Abdul; Kumar, Rakesh.g121761 aSuchetha Vijay. aSingtel- xml creation and updating metadata / aMangalorec2015 aITC Info Tech India Ltd